LIBRARY ONLINE CATALOGUE

Epidemiology (Record no. 17493)

MARC details
000 -LEADER
fixed length control field 00391nam a22001577a 4500
008 - FIXED-LENGTH DATA ELEMENTS--GENERAL INFORMATION
fixed length control field 190228b xxu||||| |||| 00| 0 eng d
020 ## - INTERNATIONAL STANDARD BOOK NUMBER
International Standard Book Number 1455737338
050 ## - LIBRARY OF CONGRESS CALL NUMBER
Classification number RA651
Item number .G67 2014 c.1
100 ## - MAIN ENTRY--PERSONAL NAME
Personal name Gordis, Leon
245 ## - TITLE STATEMENT
Title Epidemiology
Statement of responsibility, etc. Leon Gordis
250 ## - EDITION STATEMENT
Edition statement 5th ed.
260 ## - PUBLICATION, DISTRIBUTION, ETC. (IMPRINT)
Place of publication, distribution, etc. Philadelphia
Name of publisher, distributor, etc. Elsevier
Date of publication, distribution, etc. 2014
300 ## - PHYSICAL DESCRIPTION
Extent xv, 392p.
650 ## - SUBJECT ADDED ENTRY--TOPICAL TERM
Topical term or geographic name as entry element Epidemiology
942 ## - ADDED ENTRY ELEMENTS (KOHA)
Source of classification or shelving scheme Library of Congress Classification
Koha item type General Collection
Holdings
Withdrawn status Lost status Source of classification or shelving scheme Not for loan Home library Current library Date acquired Cost, normal purchase price Total Checkouts Total Renewals Full call number Barcode Date last seen Date last checked out Price effective from Koha item type
    Library of Congress Classification   Kabarak, Main Campus Kabarak, Main Campus 21/07/2020 6390.00 3   RA651 .G67 2014 c.2 029261 13/06/2022 04/06/2022 21/07/2020 General Collection
    Library of Congress Classification   Kabarak, Main Campus Kabarak, Main Campus 21/07/2020 6390.00 4   RA651 .G67 2014 c.3 029262 05/06/2024 30/05/2024 21/07/2020 General Collection
    Library of Congress Classification   Kabarak, Main Campus Kabarak, Main Campus 21/07/2020 6390.00 4 1 RA651 .G67 2014 c.4 029263 17/11/2023 13/09/2023 21/07/2020 General Collection
    Library of Congress Classification   Kabarak, Main Campus Kabarak, Nakuru City Campus 28/02/2019 6250.00 8 1 RA651 .G67 2014 c.1 023018 11/06/2026 26/05/2026 28/02/2019 General Collection